Nome I 10 paesi con il maggior numero di laghi - Statistics

Statistiche generali
  • Questo quiz è stato fatto 194 volte
  • Il punteggio medio è 9 su 11
Statistiche sulle risposte
laghi nazione % Corretto
879,800 Canada
99%
201,200 Russia
97%
La terra dei mille laghi Finlandia
87%
23,800 Cina
86%
20,900 Brasile
84%
102,500 United states of america
84%
22,600 Svezia
83%
20,000 Norvegia
81%
13,600 Argentina
80%
11,400 Australia
72%
12,400 Kazakistan
60%
Nessun quiz corrispondente trovato
Distribuzione punteggi
Percentuale di utenti per punteggio
Percentile per numero di risposta
I tuoi punteggi nel tempo
Non hai fatto questo quiz